| 000 | 01605cam a22003977a 4500 | ||
|---|---|---|---|
| 999 |
_c31955 _d31955 |
||
| 001 | 7874168 | ||
| 003 | OSt | ||
| 005 | 20170112111237.0 | ||
| 006 | m d | ||
| 007 | cr n | ||
| 008 | 060308s2006 enka sb 100 0 eng d | ||
| 015 |
_aGBA632102 _2bnb |
||
| 016 | 7 |
_a013426649 _2Uk |
|
| 020 | _a184628404X (pbk.) | ||
| 020 | _a9781846284045 | ||
| 035 | _a(WaSeSS)ssj0000319859 | ||
| 040 |
_aUKM _cUKM _dBAKER _dOHX _dBWKUK _dMnU _dDLC _dWaSeSS |
||
| 042 | _alccopycat | ||
| 050 | 4 |
_aTJ211.35 _b.R643 2006 |
|
| 082 | 0 | 4 |
_a629.892 _222 |
| 210 | 1 | 0 | _aRobot motion and control |
| 245 | 0 | 0 |
_aRobot Motion and Control _h[electronic resource] : _bRecent Developments / _cKrzysztof Kozłowski (ed.). |
| 260 |
_aLondon : _bSpringer, _cc2006. |
||
| 440 | 0 |
_aLecture notes in control and information sciences ; _v335 |
|
| 500 | _aSelected conference papers presented at the Fourth International Workshop on Robot Motion and Control, held at Puszczykowo, Poland, from June 17-20, 2004. | ||
| 504 | _aIncludes bibliographical references. | ||
| 506 | _aLicense restrictions may limit access. | ||
| 650 | 0 |
_aRobots _xControl systems _vCongresses. |
|
| 650 | 0 |
_aRobots _xMotion _vCongresses. |
|
| 700 | 1 | _aKozłowski, Krzysztof. | |
| 711 | 2 |
_aInternational Workshop on Robot Motion and Control. _n(4th : _dPuszczykowo, Poland : _c2004) |
|
| 773 | 0 | _tSpringerLink ebooks - Engineering (2006) | |
| 856 | 4 | 0 |
_uhttp://www.columbia.edu/cgi-bin/cul/resolve?clio7874168 _zFull text available from SpringerLink ebooks - Engineering (2006) |
| 910 | _aLibrary of Congress record | ||
| 942 |
_2ddc _cBK |
||